• 首页
  • 本馆介绍
  • 公告通知
  • 最新文献
  • 馆藏检索
  • 电子资源
  • 读者荐购
  • 参考咨询
  • CALIS
  • 我的图书馆
  • 登录
  • 详细信息显示
  • 放入我的书架
  • 预约/预借图书
  • 作者相关作品
  • 分类相关作品
  • 丛书相关作品
  • 出版社相关作品

书目信息

  • 表格格式
  • 工作单格式
  • 卡片格式
题名:
中国历代婚姻与家庭
    
 
作者: 顾鉴塘 , 顾鸣塘 著
分册:  
出版信息: 北京   商务印书馆  1996.12
页数: 188页
开本: 32开
丛书名:
单 册:
中图分类: C913.1
科图分类:
主题词: 社会生活 , 社会问题
电子资源:
ISBN: 7-100-02136-7
 
 
 
 
 
000 00623nam0 2200217 45
001 0009191659
005 20000919161903.6
010    @a7-100-02136-7@d11.10元
100    @a20000919d1996 km y0chiy0120 ea
101 0  @achi
105    @a z 000yy
200 1  @a中国历代婚姻与家庭@AZhong Guo Li Dai Hun Yin Yu Jia Ting@f顾鉴塘,顾鸣塘著@FGu Jian Tang,Gu Ming Tang Zhu
210    @a北京@c商务印书馆@d1996.12
215    @a188页@d32开
606 0  @a社会生活
606 0  @a社会问题
690    @aC913.1@v3
701  0 @a顾鉴塘@4著
701  0 @a顾鸣塘@4著
801    @aCN@bPftUser@c20000919
905    @b148704-708@dC913.1@eG811@f5
    
    中国历代婚姻与家庭/顾鉴塘,顾鸣塘著.-北京:商务印书馆,1996.12
    188页;32开
    
    
    ISBN 7-100-02136-7:11.10元
    
●
相关链接 在E读中查询图书 在当当中查询图书 在豆瓣中查询图书


正题名:中国历代婚姻与家庭     索取号:C913.1/G811         预约/预借

序号 登录号 条形码 馆藏地/架位号 状态 备注
1 148704   201487042   社科库509/509社科库 60排5列5层/ [索取号:C913.1/G811] 在馆    
2 148705   201487051   社科库509/509社科库 60排5列5层/ [索取号:C913.1/G811] 在馆    
3 148706   201487060   社科库509/509社科库 60排5列5层/ [索取号:C913.1/G811] 在馆    
4 148707   201487079   社科库509/509社科库 60排5列5层/ [索取号:C913.1/G811] 在馆    
5 148708   201487088   社科库509/509社科库 60排5列5层/ [索取号:C913.1/G811] 在馆    
河南城建学院图书馆 欢迎您!
大连网信软件有限公司© 版权所有